01639nam a2200385 a 4500001001200000003000800012006001900020007001500039008004100054010001700095020002800112040002100140035002100161043001200182050002500194082001500219100002600234245013000260260005700390300002400447504005100471533015200522600006400674600006400738650005400802650005500856650004800911650002300959650003500982651004701017655002901064710001701093856012601110999001701236ebr10328788CaPaEBRm u cr cn|||||||||040106s2004 maua sb 001 0 eng  z 2004040512 z0674013417 (alk. paper) aCaPaEBRcCaPaEBR a(OCoLC)608687938 ae-fr---14aDC276.5b.H39 2004eb04a944.072221 aHazareesingh, Sudhir.14aThe Saint-Napoleonh[electronic resource] :bcelebrations of sovereignty in nineteenth-century France /cSudhir Hazareesingh. aCambridge, Mass. :bHarvard University Press,c2004. axiv, 307 p. :bill. aIncludes bibliographical references and index. aElectronic reproduction.bPalo Alto, Calif. :cebrary,d2013.nAvailable via World Wide Web.nAccess may be limited to ebrary affiliated libraries.00aNapoleonbI,cEmperor of the French,d1769-1821xInfluence.00aNapoleonbI,cEmperor of the French,d1769-1821xMonuments. 0aPolitical culturezFrancexHistoryy19th century. 0aPolitical customs and riteszFrancey19th century. 0aBonapartismzFrancexHistoryy19th century. 0aFestivalszFrance. 0aSymbolism in politicszFrance. 0aFrancexHistoryySecond Empire, 1852-1870. 7aElectronic books.2local2 aebrary, Inc.40uhttp://site.ebrary.com/lib/rucke/Doc?id=10328788zAn electronic book accessible through the World Wide Web; click to view c55303d55303